One Piece Primes - Statistiques

Statistiques générales
  • Ce quiz a été pris 75 fois
    68 depuis la dernière actualisation
  • Le résultat moyen est 14 sur 101
Statistiques - réponses
Hint Réponse % Correct
Law 3 000 000 000
48%
Luffy 3 000 000 000
48%
Zoro 1 111 000 000
40%
Kaido 4 611 100 000
36%
Barbe Blanche 5 056 000 000
36%
Gol D roger 5 564 800 000
33%
Chopper 1 000
31%
Sanji 1 032 000 000
31%
Kid 3 000 000 000
29%
Sabo 602 000 000
29%
Brogy 100 000 000
26%
Katakuri 1 057 000 000
26%
Arlong 20 000 000
26%
Shanks 4 048 900 000
26%
Jack 1 000 000 000
24%
Jimbe 1 100 000 000
24%
Marco 1 374 000 000
24%
Big Mom 4 388 000 000
24%
Usopp 500 000 000
24%
Perospero 700 000 000
24%
Robin 930 000 000
24%
Smoothie 932 000 000
24%
Moria 320 000 000
21%
Mihawk 3 590 000 000
21%
Barbe Noire 3 996 000 000
21%
Dorry 100 000 000
19%
Boa Hancock 1 659 000 000
19%
Cesar 300 000 000
19%
Baggy 3 189 000 000
19%
Nami 366 000 000
19%
Brook 383 000 000
19%
Franky 394 000 000
19%
Bepo 500
19%
Alvida 5 000 000
19%
Ace 550 000 000
19%
King 1 390 000 000
17%
Crocodile 1 965 000 000
17%
Doflamingo
340 000 000
17%
Cracker 860 000 000
17%
Urouge 108 000 000
14%
Queen 1 320 000 000
14%
Don Krieg 17 000 000
14%
Nico Olvia 79 000 000
14%
Trébol 99 000 000
14%
Mont d'or 120 000 000
12%
Kuro 16 000 000
12%
X Drake 222 000 000
12%
Foxy 24 000 000
12%
Daifuku 300 000 000
12%
Oven 300 000 000
12%
Bonney 320 000 000
12%
Pedro 382 000 000
12%
Izou 510 000 000
12%
Rockstar 94 000 000
12%
Pica 99 000 000
12%
Diamante 99 000 000
12%
Bartolomeo 200 000 000
10%
Sai 210 000 000
10%
Bonclay 32 000 000
10%
Bege 350 000 000
10%
Ulti 400 000 000
10%
Black maria 480 000 000
10%
Who's-Who 546 000 000
10%
Senor Pink 58 000 000
10%
Snack 600 000 000
10%
Higuma 8 000 000
10%
Gin 12 000 000
7%
Orlumbus 148 000 000
7%
Charlotte Laura 24 000 000
7%
Galdino (Mr 3) 24 000 000
7%
Mont Blanc Cricket 25 000 000
7%
Apoo 350 000 000
7%
Karasu 429 000 000
7%
Smack 5 500 000
7%
Lao G 61 000 000
7%
Daz Bones 75 000 000
7%
Vito 95 000 000
7%
Bobbin 105 500 000
5%
Bellamy 195 000 000
5%
Squard 210 000 000
5%
Caribou 210 000 000
5%
Page One 290 000 000
5%
Gladius 31 000 000
5%
Cavendish 330 000 000
5%
Belo Bety 480 000 000
5%
Oars 500 000 000
5%
Dadan 7 800 000
5%
Jango 9 000 000
5%
Dellinger 15 000 000
2%
Killer 200 000 000
2%
Fisher Tiger 230 000 000
2%
Morley 293 000 000
2%
Lindbergh 316 000 000
2%
Pekoms 330 000 000
2%
Bobby Funk 36 000 000
2%
Chinjao 542 000 000
2%
Kelly Funk 57 000 000
2%
Octo 8 000 000
2%
Kuroobi 9 000 000
2%
Caribou 190 000 000
0%
Tamago 457 000 000
0%
Aucun quiz correspondant
Distribution des résultats
% des personnes avec chaque résultat
Percentile par nombre de réponses
Votre historique - résultats
Vous n’avez pas pris ce quiz depuis la dernière actualisation